Banking Sytstem (Record no. 357161)

MARC details
000 -LEADER
fixed length control field 00211 a2200097 4500
020 ## - INTERNATIONAL STANDARD BOOK NUMBER
International Standard Book Number 9780987678909
100 ## - MAIN ENTRY--PERSONAL NAME
Personal name Roy, Mohan
9 (RLIN) 205774
245 ## - TITLE STATEMENT
Title Banking Sytstem
250 ## - EDITION STATEMENT
Edition statement 2nd Ed.
260 ## - PUBLICATION, DISTRIBUTION, ETC. (IMPRINT)
Name of publisher, distributor, etc. John-Wiley
Date of publication, distribution, etc. 2015

No items available.